[Event "Sardinia World op-A"]
[Site "Orosei"]
[Date "2025.04.27"]
[Round "1"]
[White "Bettalli, Francesco"]
[Black "Rubinshtein, Kamilla"]
[Result "1-0"]
[WhiteElo "2355"]
[BlackElo "2058"]
[PlyCount "51"]
[EventDate "2025.04.27"]
[EventType "swiss"]
[EventRounds "9"]
[EventCountry "ITA"]
[SourceTitle "CB19_2025"]
[SourceDate "2025.05.07"]
[SourceVersion "1"]
[SourceVersionDate "2025.05.07"]
[SourceQuality "1"]

1. d4 Nf6 2. Nc3 d5 3. Bf4 a6 4. e3 c5 5. dxc5 Qa5 6. Nf3 Bg4 7. Bxb8 Rxb8 8. Qd4 Bxf3 9. gxf3 e6 10. b4 Qc7 11. Na4 Be7 12. Nb6 0-0 13. h4 Nh5 14. c3 Bf6 15. Qd2 g6 16. f4 Ng7 17. Bd3 Rbd8 18. 0-0-0 h5 19. Kb2 Qe7 20. Rdg1 Bxh4 21. f5 exf5 22. Bc2 Bf6 23. Nxd5 Bxc3+ 24. Qxc3 Rxd5 25. Bb3 Rd7 26. Rxg6 1-0

[Event "ITA-chT Final 56th"]
[Site "Darfo Boario Terme"]
[Date "2025.04.10"]
[Round "5.3"]
[White "Lumachi, Gabriele"]
[Black "Bettalli, Francesco"]
[Result "1/2-1/2"]
[WhiteElo "2443"]
[BlackElo "2355"]
[PlyCount "27"]
[EventDate "2025.04.07"]
[EventType "team-swiss"]
[EventRounds "9"]
[EventCountry "ITA"]
[SourceTitle "CB16_2025"]
[SourceDate "2025.04.16"]
[SourceVersion "1"]
[SourceVersionDate "2025.04.16"]
[SourceQuality "1"]
[WhiteTeam "Lazio Scacchi"]
[BlackTeam "Rome Arrocco"]
[WhiteTeamCountry "ITA"]
[BlackTeamCountry "ITA"]

1. d4 d5 2. Nf3 Nf6 3. e3 c5 4. Bb5+ Bd7 5. Be2 Nc6 6. 0-0 e6 7. dxc5 Bxc5 8. a3 Qc7 9. b4 Bd6 10. Bb2 Ng4 11. h3 Nge5 12. Nbd2 Nxf3+ 13. Nxf3 Ne5 14. Nxe5 1/2-1/2

[Event "ITA-chT Final 56th"]
[Site "Darfo Boario Terme"]
[Date "2025.04.07"]
[Round "1.27"]
[White "Bettalli, Francesco"]
[Black "Distaso, Antonio Pio"]
[Result "1-0"]
[WhiteElo "2355"]
[BlackElo "2224"]
[PlyCount "69"]
[EventDate "2025.04.07"]
[EventType "team-swiss"]
[EventRounds "9"]
[EventCountry "ITA"]
[SourceTitle "CB16_2025"]
[SourceDate "2025.04.16"]
[SourceVersion "1"]
[SourceVersionDate "2025.04.16"]
[SourceQuality "1"]
[WhiteTeam "Rome Arrocco"]
[BlackTeam "Asolo"]
[WhiteTeamCountry "ITA"]
[BlackTeamCountry "ITA"]

1. d4 d5 2. Nc3 Nf6 3. Bf4 e6 4. Nb5 Na6 5. e3 c6 6. Nc3 c5 7. Nb5 Be7 8. c3 0-0 9. a4 Bd7 10. Nf3 c4 11. b3 Qa5 12. Nd2 Ne4 13. Nxe4 dxe4 14. Rc1 cxb3 15. Qxb3 Rfc8 16. Be2 Nb8 17. 0-0 a6 18. Nd6 Bxd6 19. Bxd6 b5 20. Qb2 bxa4 21. c4 Nc6 22. Rb1 Qd8 23. f3 Na5 24. Qb4 Bc6 25. f4 Nb7 26. Be7 Qd7 27. f5 a5 28. Qa3 Re8 29. Bh4 Nd6 30. fxe6 fxe6 31. d5 exd5 32. cxd5 Bb7 33. Rb6 Nc8 34. Bb5 Qc7 35. Bxe8 1-0

[Event "Trieste Piccola Fenice 2nd"]
[Site "Trieste"]
[Date "2025.03.02"]
[Round "5"]
[White "Caprio, Guido"]
[Black "Bettalli, Francesco"]
[Result "1-0"]
[WhiteElo "2398"]
[BlackElo "2351"]
[PlyCount "77"]
[EventDate "2025.02.27"]
[EventType "swiss"]
[EventRounds "9"]
[EventCountry "ITA"]
[SourceTitle "CB10_2025"]
[SourceDate "2025.03.05"]
[SourceVersion "1"]
[SourceVersionDate "2025.03.05"]
[SourceQuality "1"]

1. d4 f5 2. e3 Nf6 3. Bc4 e6 4. Ne2 d5 5. Bb3 Bd6 6. c4 c6 7. Nbc3 Nbd7 8. Nf4 Qe7 9. Bd2 dxc4 10. Bxc4 e5 11. Nfe2 e4 12. Bb3 Nb6 13. d5 c5 14. a4 Bd7 15. a5 Nc8 16. Nf4 Be5 17. Ne6 g6 18. f4 exf3 19. Qxf3 Qd6 20. e4 Ne7 21. Ba4 fxe4 22. Nxe4 Nxe4 23. Qxe4 Qxd5 24. Bxd7+ Kxd7 25. Nxc5+ Ke8 26. Qxd5 Nxd5 27. 0-0-0 Rc8 28. b4 Kf7 29. Rhf1+ Kg7 30. Bg5 h6 31. Rxd5 hxg5 32. Rxe5 b6 33. Re7+ Kh6 34. g4 bxc5 35. b5 Rce8 36. Rxa7 Re3 37. Rff7 c4 38. b6 c3 39. Rh7+ 1-0

[Event "Trieste Piccola Fenice 2nd"]
[Site "Trieste"]
[Date "2025.02.28"]
[Round "2"]
[White "Petriashvili, Nikoloz"]
[Black "Bettalli, Francesco"]
[Result "1/2-1/2"]
[WhiteElo "2450"]
[BlackElo "2351"]
[PlyCount "69"]
[EventDate "2025.02.27"]
[EventType "swiss"]
[EventRounds "9"]
[EventCountry "ITA"]
[SourceTitle "CB10_2025"]
[SourceDate "2025.03.05"]
[SourceVersion "1"]
[SourceVersionDate "2025.03.05"]
[SourceQuality "1"]

1. Nf3 d5 2. b3 c5 3. e3 g6 4. Bb2 Nf6 5. Bb5+ Bd7 6. Bxf6 exf6 7. Bxd7+ Qxd7 8. d4 Nc6 9. 0-0 0-0-0 10. Nc3 h5 11. dxc5 Bxc5 12. Qe2 Qe6 13. Qb5 Bb4 14. Ne2 a6 15. Qa4 Bc5 16. Ned4 Nxd4 17. exd4 Bd6 18. c4 g5 19. Rfe1 Qf5 20. c5 g4 21. cxd6 gxf3 22. Re7 Rxd6 23. Qb4 Rd7 24. Rxd7 Qxd7 25. Qc3+ Kb8 26. Qxf3 Qe6 27. h4 Rg8 28. Rc1 Rg4 29. Qc3 Qe4 30. Qc7+ Ka7 31. g3 f5 32. Qc5+ Ka8 33. Qc8+ Ka7 34. Qc5+ Ka8 35. Qc8+ 1/2-1/2

[Event "Titled Tuesday intern op 25th Feb Early"]
[Site "Chess.com INT"]
[Date "2025.02.25"]
[Round "3"]
[White "Liavonava, Yuliya"]
[Black "Bettalli, Francesco"]
[Result "1-0"]
[WhiteElo "2086"]
[BlackElo "2351"]
[PlyCount "53"]
[EventDate "2025.02.25"]
[EventType "swiss (blitz)"]
[EventRounds "11"]
[EventCountry "USA"]
[SourceTitle "CB10_2025"]
[SourceDate "2025.03.05"]
[SourceVersion "1"]
[SourceVersionDate "2025.03.05"]
[SourceQuality "1"]

1. c4 g6 2. Nc3 Bg7 3. d4 c6 4. e4 Qb6 5. c5 Qc7 6. Bc4 d6 7. Nge2 Nf6 8. Bf4 0-0 9. 0-0 Nbd7 10. h3 b6 11. cxd6 exd6 12. Rc1 Qb8 13. a4 Re8 14. Ng3 Nf8 15. e5 dxe5 16. Bxe5 Qb7 17. Qf3 Be6 18. Bxf6 Bxc4 19. Bxg7 Kxg7 20. Nce4 Bd5 21. Qf6+ Kg8 22. Nd6 Qd7 23. Nxe8 Rxe8 24. Rfe1 Ne6 25. h4 h5 26. Re5 Nc7 27. Nxh5 1-0

[Event "Titled Tuesday intern op 11th Feb Early"]
[Site "Chess.com INT"]
[Date "2025.02.11"]
[Round "10"]
[White "Jacobsen, Mikkel Manosri"]
[Black "Bettalli, Francesco"]
[Result "0-1"]
[WhiteElo "2314"]
[BlackElo "2351"]
[PlyCount "142"]
[EventDate "2025.02.11"]
[EventType "swiss (blitz)"]
[EventRounds "11"]
[EventCountry "USA"]
[SourceTitle "CB09_2025"]
[SourceDate "2025.02.27"]
[SourceVersion "1"]
[SourceVersionDate "2025.02.27"]
[SourceQuality "1"]

1. d4 Nf6 2. Nf3 e6 3. Bf4 b6 4. e3 Bb7 5. a4 a6 6. a5 bxa5 7. c3 c5 8. Nbd2 Nc6 9. Bd3 d5 10. 0-0 Bd6 11. Ne5 0-0 12. Qf3 Qc7 13. Nxc6 Bxc6 14. dxc5 Bxf4 15. Qxf4 e5 16. Qh4 Rab8 17. b3 e4 18. Bc2 Nd7 19. Qe7 Rfe8 20. Qd6 Qxd6 21. cxd6 Bb5 22. Rfc1 Re6 23. Rxa5 Rxd6 24. h3 Rc8 25. c4 dxc4 26. Nxc4 Bxc4 27. Bxe4 Nf6 28. Bf5 Rb8 29. bxc4 g6 30. c5 Rc6 31. Bd3 Nd7 32. Rxa6 Rxc5 33. Rd1 Ne5 34. Be4 Rb2 35. g3 Kg7 36. Kg2 Rc7 37. Rd5 Nc4 38. Rd3 Re7 39. Bd5 Nxe3+ 40. Kg1 Nf5 41. Ra1 Ree2 42. Rf1 h5 43. Bc6 h4 44. g4 Ne7 45. Bd7 Ng8 46. Rd6 Nf6 47. Rd3 Ne4 48. Bc6 Nxf2 49. Bf3 Nxd3 50. Bxe2 Rxe2 51. Rf3 Ne5 52. Rc3 g5 53. Kf1 Re4 54. Kg1 Ng6 55. Rb3 Nf4 56. Kh2 Re2+ 57. Kg1 Rg2+ 58. Kf1 Rg3 59. Rxg3 hxg3 60. Kg1 f5 61. Kh1 Kf6 62. Kg1 Ke5 63. Kh1 fxg4 64. hxg4 Ke4 65. Kg1 Kf3 66. Kh1 Kxg4 67. Kg1 Kf3 68. Kh1 g2+ 69. Kg1 Ne2+ 70. Kh2 g1Q+ 71. Kh3 Qg3# 0-1

[Event "Titled Tuesday intern op 04th Feb Early"]
[Site "Chess.com INT"]
[Date "2025.02.04"]
[Round "4"]
[White "Bacrot, Etienne"]
[Black "Bettalli, Francesco"]
[Result "1-0"]
[WhiteElo "2640"]
[BlackElo "2351"]
[PlyCount "83"]
[EventDate "2025.02.04"]
[EventType "swiss (blitz)"]
[EventRounds "11"]
[EventCountry "USA"]
[SourceTitle "CB07_2025"]
[SourceDate "2025.02.12"]
[SourceVersion "1"]
[SourceVersionDate "2025.02.12"]
[SourceQuality "1"]

1. e4 e5 2. Nf3 Nf6 3. Nxe5 Nxe4 4. Qe2 Qe7 5. Qxe4 d6 6. d4 dxe5 7. dxe5 Nc6 8. Nc3 Qxe5 9. Qxe5+ Nxe5 10. Bf4 f6 11. 0-0-0 Bd7 12. Bb5 0-0-0 13. Bxd7+ Rxd7 14. Bxe5 fxe5 15. Rxd7 Kxd7 16. Rd1+ Kc6 17. Rd8 g6 18. Kd1 Bg7 19. Rd3 e4 20. Rh3 Bd4 21. Ke2 h5 22. Rg3 Rg8 23. Nd1 Kd5 24. c3 Be5 25. Ne3+ Ke6 26. Rh3 Bf4 27. Rh4 Rf8 28. g3 Bxe3 29. Rxe4+ Kf5 30. Kxe3 g5 31. Re7 Rc8 32. h3 Kf6 33. Rh7 Kg6 34. Rd7 b6 35. b4 a5 36. b5 Re8+ 37. Kd3 Re5 38. c4 Rc5 39. Kd4 Kf6 40. Rd5 Rxd5+ 41. Kxd5 Ke7 42. Kc6 1-0

[Event "Titled Tuesday intern op 04th Feb Early"]
[Site "Chess.com INT"]
[Date "2025.02.04"]
[Round "8"]
[White "Bettalli, Francesco"]
[Black "Serra Canals, Oriol"]
[Result "1/2-1/2"]
[WhiteElo "2351"]
[BlackElo "2128"]
[PlyCount "145"]
[EventDate "2025.02.04"]
[EventType "swiss (blitz)"]
[EventRounds "11"]
[EventCountry "USA"]
[SourceTitle "CB07_2025"]
[SourceDate "2025.02.12"]
[SourceVersion "1"]
[SourceVersionDate "2025.02.12"]
[SourceQuality "1"]

1. Nf3 e6 2. b3 Nf6 3. Bb2 c5 4. e3 b6 5. g3 Bb7 6. Bg2 Be7 7. 0-0 0-0 8. d3 d5 9. Nbd2 Re8 10. c4 Nc6 11. Qe2 d4 12. exd4 cxd4 13. Ne5 Rc8 14. Nxc6 Bxc6 15. Bxc6 Rxc6 16. f4 Bf8 17. Nf3 Ng4 18. Rfe1 Bc5 19. h3 Ne3 20. Bxd4 Bxd4 21. Nxd4 Qxd4 22. Qxe3 Rd6 23. Rad1 Red8 24. Qxd4 Rxd4 25. Re3 h5 26. Kf2 h4 27. Ke2 hxg3 28. Kf3 g2 29. Kxg2 Rxf4 30. Rf3 Rfd4 31. Kf2 f6 32. Ke3 e5 33. Rg3 Kf7 34. Ke2 g5 35. Rf1 Kg6 36. Rgf3 R8d6 37. Re3 Rh4 38. Kd2 Rhd4 39. Kc3 a5 40. a3 f5 41. b4 axb4+ 42. axb4 f4 43. Ref3 Kf5 44. Re1 g4 45. hxg4+ Kxg4 46. Ref1 Rh6 47. R3f2 Rh3 48. Rd2 f3 49. c5 bxc5 50. bxc5 Rh6 51. Re1 Rc6 52. Rxe5 Rf4 53. Rf2 Kg3 54. Rf1 Kg2 55. Ra1 f2 56. d4 f1Q 57. Rg5+ Kf2 58. Rxf1+ Kxf1 59. Kc4 Kf2 60. Kd5 Rc8 61. Kc4 Rd8 62. Rd5 Rxd5 63. Kxd5 Ke3 64. c6 Rxd4+ 65. Ke6 Ke4 66. c7 Rc4 67. Kd7 Rd4+ 68. Ke8 Rc4 69. Kd8 Rd4+ 70. Ke8 Rc4 71. Kd8 Kd5 72. c8R Rxc8+ 73. Kxc8 1/2-1/2

[Event "Titled Tuesday intern op 04th Feb Early"]
[Site "Chess.com INT"]
[Date "2025.02.04"]
[Round "3"]
[White "Cina, Vittorio"]
[Black "Bettalli, Francesco"]
[Result "0-1"]
[WhiteElo "2361"]
[BlackElo "2351"]
[PlyCount "88"]
[EventDate "2025.02.04"]
[EventType "swiss (blitz)"]
[EventRounds "11"]
[EventCountry "USA"]
[SourceTitle "CB07_2025"]
[SourceDate "2025.02.12"]
[SourceVersion "1"]
[SourceVersionDate "2025.02.12"]
[SourceQuality "1"]

1. h3 Nf6 2. Nf3 b6 3. d4 Bb7 4. Bg5 e6 5. Nbd2 Be7 6. e3 d5 7. Bd3 Ne4 8. Bxe7 Qxe7 9. Bb5+ Nd7 10. Ne5 Nef6 11. 0-0 a6 12. Nxd7 Nxd7 13. Bd3 c5 14. c3 0-0 15. f4 f6 16. Qh5 g6 17. Qh4 Rae8 18. Rae1 e5 19. e4 dxe4 20. Nxe4 f5 21. Qxe7 Rxe7 22. Nd6 Bd5 23. dxe5 Bxa2 24. Bxa6 Bd5 25. Rd1 Bc6 26. Bc4+ Kg7 27. Kf2 g5 28. g3 h5 29. Bd3 Kg6 30. g4 gxf4 31. gxf5+ Kh6 32. e6 Ne5 33. Rg1 Bf3 34. Rd2 Rd8 35. Nc4 Nxc4 36. Rg6+ Kh7 37. f6 Be4 38. Bxe4 Rxd2+ 39. Ke1 Rxe6 40. Rg7+ Kh6 41. Rh7+ Kg5 42. Rg7+ Kxf6 43. Rg6+ Ke7 44. Rxe6+ Kxe6 0-1

[Event "Titled Tuesday intern op 28th Jan Early"]
[Site "Chess.com INT"]
[Date "2025.01.28"]
[Round "1"]
[White "Bettalli, Francesco"]
[Black "Dias, Simao Poscidonio"]
[Result "1-0"]
[WhiteElo "2322"]
[BlackElo "2105"]
[PlyCount "105"]
[EventDate "2025.01.28"]
[EventType "swiss (blitz)"]
[EventRounds "11"]
[EventCountry "USA"]
[SourceTitle "CB06_2025"]
[SourceDate "2025.02.05"]
[SourceVersion "1"]
[SourceVersionDate "2025.02.05"]
[SourceQuality "1"]

1. Nf3 Nf6 2. b3 g6 3. Bb2 Bg7 4. e3 0-0 5. d4 b6 6. Nbd2 Ba6 7. c4 d5 8. Bd3 c5 9. dxc5 dxc4 10. Nxc4 Bxc4 11. Bxc4 Qxd1+ 12. Rxd1 bxc5 13. 0-0 Nc6 14. Ne5 Nxe5 15. Bxe5 Rfd8 16. Bc7 Rd7 17. Rxd7 Nxd7 18. Rd1 Nb6 19. Ba6 e6 20. Bb7 Re8 21. a4 Re7 22. Rd8+ Bf8 23. Bd6 Kg7 24. Bxe7 Bxe7 25. Rd1 Kf6 26. f4 e5 27. Kf2 Ke6 28. g4 a5 29. Kf3 f5 30. gxf5+ Kxf5 31. e4+ Ke6 32. f5+ gxf5 33. exf5+ Kf6 34. Be4 c4 35. Rc1 Bc5 36. bxc4 Nxa4 37. Ra1 Nb2 38. Rxa5 Bd4 39. Ra6+ Kg5 40. f6 Nxc4 41. f7 Bc5 42. Ke2 h5 43. Rc6 Nd6 44. Rxc5 Nxf7 45. Bd5 Nd6 46. Bf3 Nf7 47. Ke3 h4 48. Ke4 Kf6 49. Rc6+ Kg5 50. h3 Nd8 51. Rd6 Nf7 52. Ra6 Nd8 53. Kxe5 1-0

[Event "Titled Tuesday intern op 28th Jan Early"]
[Site "Chess.com INT"]
[Date "2025.01.28"]
[Round "6"]
[White "Marcziter, Dmitrii"]
[Black "Bettalli, Francesco"]
[Result "0-1"]
[WhiteElo "2223"]
[BlackElo "2322"]
[PlyCount "172"]
[EventDate "2025.01.28"]
[EventType "swiss (blitz)"]
[EventRounds "11"]
[EventCountry "USA"]
[SourceTitle "CB06_2025"]
[SourceDate "2025.02.05"]
[SourceVersion "1"]
[SourceVersionDate "2025.02.05"]
[SourceQuality "1"]

1. d4 Nf6 2. c4 e6 3. a3 d5 4. Nc3 b6 5. Bg5 Bb7 6. cxd5 exd5 7. e3 Nbd7 8. Qc2 h6 9. Bh4 Be7 10. Bd3 0-0 11. f3 c5 12. Nge2 Re8 13. 0-0 c4 14. Bf5 Nf8 15. Bf2 g6 16. Bh3 a6 17. e4 b5 18. e5 N6h7 19. f4 Bc8 20. f5 Bh4 21. e6 fxe6 22. fxg6 Ng5 23. Bg4 Bxf2+ 24. Rxf2 e5 25. Bxc8 Rxc8 26. h4 exd4 27. Nxd4 Ne4 28. Nxe4 Rxe4 29. Nf5 Nxg6 30. Nxh6+ Kg7 31. Nf5+ Kh7 32. Qd2 Qf8 33. Raf1 Rc6 34. Qg5 Ne5 35. Qh5+ Kg8 36. Qg5+ Kh7 37. Ne7 Qg7 38. Qf5+ Kh6 39. Nxc6 Nd3 40. Qf6+ Qg6 41. Qxg6+ Kxg6 42. Rf6+ Kh5 43. g3 Re2 44. Nd4 Rxb2 45. Nf5 Kg4 46. Rg6+ Kh3 47. Ne3 d4 48. Nf5 Rg2+ 49. Kh1 Nf2+ 50. Rxf2 Rxf2 51. Kg1 Rxf5 52. Rxa6 d3 53. Rd6 Kxg3 54. a4 bxa4 55. Rd4 a3 56. Rxc4 Rd5 57. Rc3 a2 58. Ra3 Kg4 59. Ra4+ Kh5 60. Rxa2 d2 61. Ra1 d1Q+ 62. Rxd1 Rxd1+ 63. Kf2 Rd4 64. Ke3 Rxh4 65. Kd3 Rg4 66. Kc3 Kh4 67. Kb3 Kg3 68. Kc3 Kf3 69. Kd3 Rf4 70. Kc3 Re4 71. Kb3 Ke3 72. Kc3 Rd4 73. Kb3 Rd1 74. Kc2 Rd8 75. Kc3 Rc8+ 76. Kb4 Kd3 77. Kb5 Rc1 78. Kb6 Kd4 79. Kb7 Kd5 80. Kb6 Rc5 81. Ka6 Kc6 82. Ka7 Rc1 83. Ka8 Rb1 84. Ka7 Rb2 85. Ka8 Kc7 86. Ka7 Ra2# 0-1

[Event "Titled Tuesday intern op 28th Jan Early"]
[Site "Chess.com INT"]
[Date "2025.01.28"]
[Round "7"]
[White "Nazari, Arad"]
[Black "Bettalli, Francesco"]
[Result "1-0"]
[WhiteElo "2409"]
[BlackElo "2322"]
[PlyCount "157"]
[EventDate "2025.01.28"]
[EventType "swiss (blitz)"]
[EventRounds "11"]
[EventCountry "USA"]
[SourceTitle "CB06_2025"]
[SourceDate "2025.02.05"]
[SourceVersion "1"]
[SourceVersionDate "2025.02.05"]
[SourceQuality "1"]

1. c4 g6 2. g3 Bg7 3. Bg2 c5 4. Nc3 Nc6 5. e3 d6 6. Nge2 e6 7. 0-0 Nge7 8. d4 0-0 9. b3 b6 10. Bb2 Bb7 11. Qd2 cxd4 12. Nxd4 Rb8 13. Ndb5 Ne5 14. f4 Bxg2 15. Kxg2 Ng4 16. h3 Nf6 17. Qxd6 Nf5 18. Qxd8 Rfxd8 19. Rae1 a6 20. Na3 Rd3 21. Nc2 Rbd8 22. g4 Rd2+ 23. Rf2 Nh4+ 24. Kf1 h5 25. g5 Rxf2+ 26. Kxf2 Ne4+ 27. Nxe4 Bxb2 28. Ke2 e5 29. Nf6+ Kg7 30. Nd5 exf4 31. exf4 b5 32. Nce3 bxc4 33. bxc4 Bd4 34. Rd1 Bc5 35. Rb1 Re8 36. Kd3 Nf3 37. Rf1 Nh4 38. f5 gxf5 39. Nxf5+ Nxf5 40. Rxf5 Bg1 41. Nf6 Rd8+ 42. Rd5 Rb8 43. c5 Kg6 44. Ne4 Bh2 45. c6 Rb2 46. Rc5 Rxa2 47. c7 Ra3+ 48. Nc3 Bxc7 49. Rxc7 Kxg5 50. Rc4 f5 51. h4+ Kg6 52. Kd4 f4 53. Ke4 f3 54. Kxf3 a5 55. Kf4 Kf6 56. Ne4+ Ke7 57. Rc5 Rh3 58. Rxh5 a4 59. Kg4 Rh1 60. Ra5 Ra1 61. Ng3 Kf6 62. h5 Kg7 63. Ra6 a3 64. Nf5+ Kf7 65. Ra7+ Kf6 66. Ng3 a2 67. Ra6+ Kg7 68. Kh3 Kh7 69. Kg2 Kg7 70. Nf5+ Kf7 71. h6 Kg8 72. Ra8+ Kh7 73. Ra7+ Kg6 74. h7 Kxf5 75. h8Q Rb1 76. Qh7+ Kf4 77. Rxa2 Rb5 78. Rf2+ Ke3 79. Qh3+ 1-0

[Event "Titled Tuesday intern op 21st Jan Late"]
[Site "Chess.com INT"]
[Date "2025.01.21"]
[Round "6"]
[White "Hiwale, Ronak"]
[Black "Bettalli, Francesco"]
[Result "0-1"]
[WhiteElo "2093"]
[BlackElo "2322"]
[PlyCount "58"]
[EventDate "2025.01.21"]
[EventType "swiss (blitz)"]
[EventRounds "11"]
[EventCountry "USA"]
[SourceTitle "CB05_2025"]
[SourceDate "2025.01.29"]
[SourceVersion "1"]
[SourceVersionDate "2025.01.29"]
[SourceQuality "1"]

1. Nf3 g6 2. g3 Bg7 3. Bg2 c5 4. 0-0 d5 5. d3 Nc6 6. Nbd2 e5 7. e4 d4 8. Ne1 Nge7 9. f4 0-0 10. Ndf3 f5 11. exf5 Nxf5 12. fxe5 Nxe5 13. Nxe5 Bxe5 14. Nf3 Bg7 15. Bg5 Qb6 16. Qc1 Bd7 17. Re1 Rae8 18. b3 Ne3 19. Rb1 Bc6 20. Nh4 Ng4 21. Rxe8 Rxe8 22. Qd2 h6 23. Re1 Rxe1+ 24. Qxe1 Bxg2 25. Qe8+ Kh7 26. Bd8 Qc6 27. Qe2 Bh3 28. Nf3 Ne3 29. Bg5 Bg4 0-1

[Event "Titled Tuesday intern op 21st Jan Late"]
[Site "Chess.com INT"]
[Date "2025.01.21"]
[Round "2"]
[White "Santos Latasa, Jaime"]
[Black "Bettalli, Francesco"]
[Result "1-0"]
[WhiteElo "2632"]
[BlackElo "2322"]
[PlyCount "103"]
[EventDate "2025.01.21"]
[EventType "swiss (blitz)"]
[EventRounds "11"]
[EventCountry "USA"]
[SourceTitle "CB05_2025"]
[SourceDate "2025.01.29"]
[SourceVersion "1"]
[SourceVersionDate "2025.01.29"]
[SourceQuality "1"]

1. Nf3 g6 2. e4 Bg7 3. d4 c5 4. dxc5 Qa5+ 5. c3 Qxc5 6. Na3 a6 7. Nc4 Qc6 8. Be3 b5 9. Nb6 Bb7 10. Nxa8 Bxa8 11. Bd3 Nf6 12. e5 Nd5 13. Bd2 Qc7 14. a4 bxa4 15. Qxa4 0-0 16. Qa5 Bxe5 17. Qxc7 Bxc7 18. 0-0 a5 19. Rfe1 e6 20. c4 Nf4 21. Bxf4 Bxf4 22. Rxa5 Bxf3 23. gxf3 Nc6 24. Ra4 Rb8 25. Rb1 Bd6 26. Kg2 f5 27. b3 Kf7 28. Bc2 g5 29. Rd1 Ke7 30. h3 Bc5 31. Rd2 Ne5 32. Bd1 Ng6 33. Ra6 Nf4+ 34. Kh2 Bb4 35. Rda2 Bd6 36. Ra8 Rb4 37. R2a4 Rb7 38. R4a7 Rxa7 39. Rxa7 Bc5 40. Ra2 Nd3 41. Kg1 h5 42. Ra5 Kd6 43. Ra6+ Ke5 44. Be2 Nxf2 45. Kg2 Be3 46. b4 Kf4 47. b5 g4 48. hxg4 fxg4 49. fxg4 h4 50. b6 Ne4 51. b7 Nc5 52. b8Q+ 1-0

[Event "Palmanova op 13th"]
[Site "Palmanova"]
[Date "2024.12.30"]
[Round "5"]
[White "Bettalli, Francesco"]
[Black "Dobrovoljc, Vid"]
[Result "1-0"]
[WhiteElo "2359"]
[BlackElo "2365"]
[PlyCount "119"]
[EventDate "2024.12.27"]
[EventType "swiss"]
[EventRounds "9"]
[EventCountry "ITA"]
[SourceTitle "CB02_2025"]
[SourceDate "2025.01.08"]
[SourceVersion "1"]
[SourceVersionDate "2025.01.08"]
[SourceQuality "1"]

1. e4 c5 2. Nf3 d6 3. d4 cxd4 4. Nxd4 Nf6 5. Nc3 a6 6. Qd3 Nbd7 7. Be2 Nc5 8. Qe3 g6 9. e5 dxe5 10. Qxe5 Ncd7 11. Qg3 e5 12. Nb3 Bg7 13. f4 e4 14. f5 b5 15. Bf4 Bb7 16. Bc7 Qc8 17. Bd6 Bf8 18. fxg6 hxg6 19. 0-0-0 Bxd6 20. Rxd6 Qc7 21. Rhd1 Rc8 22. a3 0-0 23. h4 Ne8 24. h5 Nxd6 25. Rxd6 Nf6 26. hxg6 fxg6 27. Nd4 Qh7 28. Qg5 Qf7 29. Ne6 Nh7 30. Qh6 Kh8 31. Nxf8 Rxf8 32. Rxg6 Qf4+ 33. Qxf4 Rxf4 34. Kd2 Rf7 35. Ke3 Nf6 36. Rg5 Kh7 37. Rg3 Kh6 38. b4 Rf8 39. Kd2 Ng8 40. a4 Ne7 41. axb5 axb5 42. Nxb5 Nf5 43. Rh3+ Kg5 44. g4 Rd8+ 45. Kc3 Nh4 46. Nd4 Bc8 47. Rh1 Ng6 48. b5 Nf4 49. Bc4 Kxg4 50. Rg1+ Kh4 51. b6 Rd7 52. Nf5+ Kh3 53. Ne3 Rd6 54. Rb1 Rd7 55. Rg1 Rb7 56. Ba6 Ne2+ 57. Bxe2 Rxb6 58. Kd4 Bb7 59. Bc4 Rd6+ 60. Bd5 1-0

[Event "Palmanova op 13th"]
[Site "Palmanova"]
[Date "2024.12.29"]
[Round "3"]
[White "Bettalli, Francesco"]
[Black "Cina, Vittorio"]
[Result "1/2-1/2"]
[WhiteElo "2359"]
[BlackElo "2325"]
[PlyCount "60"]
[EventDate "2024.12.27"]
[EventType "swiss"]
[EventRounds "9"]
[EventCountry "ITA"]
[SourceTitle "CB02_2025"]
[SourceDate "2025.01.08"]
[SourceVersion "1"]
[SourceVersionDate "2025.01.08"]
[SourceQuality "1"]

1. e4 e5 2. Nf3 Nc6 3. d4 exd4 4. Nxd4 Qf6 5. Nf3 Bb4+ 6. c3 Bc5 7. Be2 h6 8. 0-0 Nge7 9. Qc2 0-0 10. b4 Bb6 11. Bb2 Ng6 12. b5 Nce5 13. Nxe5 Qxe5 14. Nd2 Nf4 15. Nf3 Qe6 16. Nd4 Qg6 17. Bf3 d5 18. Kh1 Re8 19. Rae1 Bg4 20. Bxg4 Qxg4 21. f3 Qd7 22. g3 Ne6 23. Nxe6 Rxe6 24. Qd3 Qe7 25. c4 dxe4 26. fxe4 Rd8 27. Qf3 f6 28. e5 fxe5 29. Ba3 Qe8 30. Qxb7 c5 1/2-1/2

[Event "Palmanova op 13th"]
[Site "Palmanova"]
[Date "2024.12.29"]
[Round "4"]
[White "Knudsen, Simon"]
[Black "Bettalli, Francesco"]
[Result "0-1"]
[WhiteElo "2303"]
[BlackElo "2359"]
[PlyCount "111"]
[EventDate "2024.12.27"]
[EventType "swiss"]
[EventRounds "9"]
[EventCountry "ITA"]
[SourceTitle "CB02_2025"]
[SourceDate "2025.01.08"]
[SourceVersion "1"]
[SourceVersionDate "2025.01.08"]
[SourceQuality "1"]

1. e4 c5 2. Nf3 Nc6 3. Nc3 d6 4. d4 cxd4 5. Nxd4 Nf6 6. Bc4 Bd7 7. 0-0 a6 8. a3 g6 9. Nxc6 Bxc6 10. Re1 Bg7 11. e5 dxe5 12. Qxd8+ Rxd8 13. Rxe5 Ne4 14. Rxe4 Bxc3 15. Re3 Rd1+ 16. Bf1 Bb5 17. Rxe7+ Kd8 18. Bg5 Rxa1 19. Re1+ Kc8 20. Rxa1 Bxb2 21. Rb1 Bxf1 22. Rxb2 Bc4 23. c3 Re8 24. Be3 Kc7 25. h3 Re7 26. Rd2 Bb5 27. Rd4 Rd7 28. g4 Rxd4 29. Bxd4 Kd6 30. Kg2 Kd5 31. Kf3 Kc4 32. Kf4 Kb3 33. Bc5 Kxc3 34. Ke5 Bf1 35. h4 Be2 36. g5 b5 37. Kf6 Bc4 38. Kg7 a5 39. Kxh7 b4 40. axb4 axb4 41. Kg7 b3 42. Ba3 b2 43. Bxb2+ Kxb2 44. f4 Kc2 45. Kf6 Kd2 46. f5 Bd3 47. fxg6 Bxg6 48. Kg7 Ke3 49. Kh6 Kf4 50. h5 Kf5 51. Kg7 Bxh5 52. Kh6 Bg6 53. Kg7 Kxg5 54. Kf8 f5 55. Ke7 f4 56. Kd6 0-1

[Event "Palmanova op 13th"]
[Site "Palmanova"]
[Date "2024.12.27"]
[Round "1"]
[White "Bettalli, Francesco"]
[Black "Jordan Martinez, Miguel"]
[Result "1-0"]
[WhiteElo "2359"]
[BlackElo "2123"]
[PlyCount "79"]
[EventDate "2024.12.27"]
[EventType "swiss"]
[EventRounds "9"]
[EventCountry "ITA"]
[SourceTitle "CB02_2025"]
[SourceDate "2025.01.08"]
[SourceVersion "1"]
[SourceVersionDate "2025.01.08"]
[SourceQuality "1"]

1. e4 e6 2. d4 d5 3. Nc3 Be7 4. Bd3 Nc6 5. Nf3 Nb4 6. Be2 Nf6 7. e5 Ne4 8. 0-0 Nc6 9. Bd3 Nxc3 10. bxc3 Na5 11. Nd2 Bd7 12. Qg4 g6 13. Nf3 c5 14. Ng5 c4 15. Be2 h6 16. Nh3 Ba4 17. Bd1 Nc6 18. Nf4 Qd7 19. h4 0-0-0 20. h5 g5 21. Nh3 Rdg8 22. f4 gxf4 23. Qxf4 Rg7 24. Qf3 Nd8 25. Bf4 b5 26. Qe3 Rhg8 27. g4 Rxg4+ 28. Bxg4 Rxg4+ 29. Kh2 Bxc2 30. Bg3 Bd3 31. Rg1 Re4 32. Qxh6 Bh4 33. Bxh4 Rxh4 34. Qg5 Re4 35. Nf4 Qc7 36. h6 f5 37. Rae1 Rxe1 38. Rxe1 b4 39. cxb4 Qb6 40. Qe7 1-0